| 000 | 00996nam a2200265Ia 4500 | ||
|---|---|---|---|
| 003 | GCL | ||
| 008 | 140319s9999 xx 000 0 ara d | ||
| 020 | _a7121009977 | ||
| 040 |
_aGCL / _cGCL |
||
| 082 | 0 | 4 |
_a303.4 _bر ط |
| 100 | 1 | _aرفيق حبيب | |
| 245 | 1 | 0 |
_aطريق النهضة : _bجدول اعمال الامة / _cرفيق حبيب |
| 250 | _a2005 | ||
| 260 |
_aالقاهرة : _bدار الشرق ، _c2005 |
||
| 300 |
_a225ص ؛ _c24سم |
||
| 650 | 0 | 4 | _aالتغير الاجتماعى |
| 650 | 0 | 4 | _aالحضارة الاسلامية |
| 650 | 0 | 4 | _aالحركة الفكرية عند المسلمين |
| 650 | 0 | 4 | _aالعولمة |
| 650 | 0 | 4 | _aالحضارة الاسلامية - الاحوال الثقافية |
| 650 | 0 | 4 | _aالحضارة العربية الاسلامية |
| 650 | 0 | 4 | _aالحضارة العربية الاسلامية - مصر |
| 650 | 0 | 4 | _aالحضارة العربية الاسلامية - الاحوال السياسية |
| 942 |
_2ddc _cBK |
||
| 999 |
_c8212 _d8212 |
||